Click the State by NBA Teams - Statistics

General Stats
  • This quiz has been taken 22,333 times
  • The average score is 15 of 21
Answers on the Map
Answers color-coded by a green-red scale on the quiz's map according to % correct below.
 
Answer Stats
Answer % Correct
Clippers, Kings, Lakers, Warriors
91%
Heat, Magic
88%
Mavericks, Rockets, Spurs
86%
Knicks, Nets
80%
Celtics
78%
Bulls
76%
Suns
74%
Cavaliers
73%
Jazz
73%
Pistons
72%
Timberwolves
72%
76ers
71%
Nuggets
70%
Pelicans
70%
Thunder
70%
Pacers
69%
Hawks
68%
Trail Blazers
68%
Bucks
67%
Grizzlies
61%
Hornets
60%
No matching quizzes found
Score Distribution
Percent of People with Each Score
Percentile by Number Answered
Your Score History
You have not taken this quiz